Statystyki dla WIG30

Kliknij tutaj aby rozwiązać quiz!

Ogólne statystyki

  • Ten quiz został rozwiązany 94 razy
  • Średni wynik to 8 z 30

Statystyki odpowiedzi

HintOdpowiedź% Poprawnych
PKO Bank Polski
64%
Lotos
63%
KGHM Polska Miedź
60%
PKN Orlen
51%
Bank Pekao
45%
Tauron PE
43%
Orange Polska
39%
Polskie Górnictwo Naftowe i Gazownictwo
39%
Alior Bank
38%
Enea
36%
PKP Cargo
36%
Polska Grupa Energetyczna
36%
mBank
30%
LPP
26%
Cyfrowy Polsat
25%
ING Bank Śląski
24%
Jastrzębska Spółka Węglowa
24%
NG2
24%
BZWBK
22%
Grupa Azoty
18%
Asseco Poland
16%
Bogdanka
15%
Netia
15%
Eurocash
13%
Synthos
11%
Boryszew
9%
Bank Handlowy
6%
Kernel Holding
6%
PZU SA
6%
Globe Trade Centre
5%

Rozkład punktacji

Percentyl według liczby udzielonych odpowiedzi

Procent ludzi z każdym wynikiem

Twoja historia wyników

Nie rozwiązałeś tego quizu